000 00477nam a2200145Ia 4500
008 231129s2014||||xx |||||||||||||| ||spa||
020 _a978-958-734-158-4
040 _bspa
082 _a342.0684 Q7g
100 _aQuintero Montoya Gloria Yaneth
245 0 _aGuí­a del procedimiento verbal: aspectos prácticos
260 _c2014
264 _aBogotá Colombia : Instituto de Estudios del Ministerio Público - IEMP
942 _2ddc
_cBKS
999 _c14757
_d14757